Modern African banking cases. (Record no. 16980)
[ view plain ]
| 000 -LEADER | |
|---|---|
| fixed length control field | 00333nam a22001337a 4500 |
| 082 ## - DEWEY DECIMAL CLASSIFICATION NUMBER | |
| Classification number | 346.67082MIL. |
| 100 ## - MAIN ENTRY--PERSONAL NAME | |
| Personal name | Alan Milner. |
| 245 ## - TITLE STATEMENT | |
| Title | Modern African banking cases. |
| 260 ## - PUBLICATION, DISTRIBUTION, ETC. | |
| Place of publication, distribution, etc. | Oxford. |
| Name of publisher, distributor, etc. | The African law reports. |
| Date of publication, distribution, etc. | 1973. |
| 300 ## - PHYSICAL DESCRIPTION | |
| Extent | xx, 440p. |
| Other physical details | 23cm. |
| 500 ## - GENERAL NOTE | |
| General note | Includes index. |
| 700 ## - ADDED ENTRY--PERSONAL NAME | |
| Personal name | Susan Abrahams. |
| 942 ## - ADDED ENTRY ELEMENTS (KOHA) | |
| Koha item type | Books |
| Withdrawn status | Lost status | Source of classification or shelving scheme | Damaged status | Not for loan | Home library | Current library | Shelving location | Date acquired | Full call number | Barcode | Date last seen | Price effective from | Koha item type |
|---|---|---|---|---|---|---|---|---|---|---|---|---|---|
| Dewey Decimal Classification | IFM Main Campus Library | IFM Main Campus Library | 03/16/2017 | 346.67082MIL. | 0000010753 | 03/16/2017 | 03/16/2017 | Books |
